Регионална библиотека "Любен Каравелов" - Русе

Грузулак (Запис номер 164501)

MARC детайли
000 -Лидер
Контролно поле с фиксирана дължина 01667nam a2200409 c 4500
003 - Код на организацията, давaща контролен номер
Контролно поле BLK
005 - Дата и час на последна редакция
Контролно поле 20250802154527.0
008 - Елементи от данни с фиксирана дължина
fixed length control field 180410b bul|||||r ||||||| ||bul||
010 ## - Наследен системен номер
LC control number KNG00172014000
020 ## - Международен стандартен номер на книга ISBN
Международен стандартен номер на книга ISBN 9786191860661
040 ## - Източник на каталожния запис
Идентификатор на билиотеката - собственик на записа BLK
041 ## - Код за език
Код за езика на текст/звукозапис или на отделно заглавие Български
Код за езика КДБФ Български
072 #7 - Код за тематичната категория
Код организация bullib
Код за тематична категория Н83
Текст Чужда художествена литература Н
080 ## - УДК
Текстов определител УДК Английска литература
УДК код - определител по УДК 821.111
УДК определител -93-34
УДК - код + определител 821.111-93-34
100 ## - Редна дума - Автор
R(LIN) 386662
Автор Доналдсън, Джулия
Авторска отговорност първи автор
139 ## - Редно поле
Редна дума Доналдсън, Джулия
Авторски знак Дон - Д 77
245 10 - Сведения за заглавието
Заглавие Грузулак
Редно поле (дума) текст Джулия Доналдсън; ил. Аксел Шефлър; прев. Паулина Бенатова; прев. Манол Костадинов Пейков.
257 ## - Страна на издаване
Страна на създаване/издаване Великобритания
260 ## - Област на издателските данни
Име на издателя, разпространителя и проч. Жанет 45
Година на издаване 2014
Печатница отпеч. в Китай
Място на издаване, разпространение и проч. Пловдив
300 ## - Физическа характеристика
Страници 28 с.
Илюстрации и др. с цв. ил.
Размери/Мащаб 28 см
380 ## - Жанр
Жанр Детска худож. лит.
500 ## - Общи забележки
Забележка Ориг. загл. The Gruffalo / Julia Donaldson and Axel Scheffler.
653 ## - Ключова дума – ненормативна
Ключова дума приказки
653 ## - Ключова дума – ненормативна
Ключова дума литература за деца
653 ## - Ключова дума – ненормативна
Ключова дума детска литература
659 ## - Тематичен бюлетин
Тематичен бюлетин Н
700 1# - Други автори (авторска отговорност)
Лично име Шефлър, Аксел
Автороска отговорност (Описва отношението между автора и произведението) ил.
9 (RLIN) 143299
700 1# - Други автори (авторска отговорност)
Лично име Бенатова, Паулина
Автороска отговорност (Описва отношението между автора и произведението) прев.
9 (RLIN) 336408
700 1# - Други автори (авторска отговорност)
Лично име Пейков, Манол Костадинов
Автороска отговорност (Описва отношението между автора и произведението) прев.
9 (RLIN) 323554
852 ## - Местоположение
Форматна сигнатура Цб ІІ 20379
856 4# - Електронен адрес и достъп
Електронен формат pdf - файл
856 4# - Електронен адрес и достъп
Електронен формат pdf - файл
999 ## - СИСТЕМНИ КОНТРОЛНИ НОМЕРА
Koha biblionumber 164501
Koha biblioitemnumber 164501
942 ## - АРТИКУЛИ
Вид на библиотечния материал Книги
Скрит в OPAC Не
Koha issues (borrowed), all copies 163
Периодичен библиозапис Да
944 ## - СЪЗДАВАНЕ И РЕДАКЦИЯ на ЗАПИСА
Създаване/Редакция Създаване
Дата на регистрацията/редакция 24.02.2015
Статус, дата на статуса Ива Цветкова
Служител, извършил регистрацията/редакцията 30543
944 ## - СЪЗДАВАНЕ И РЕДАКЦИЯ на ЗАПИСА
Създаване/Редакция Редакция
Дата на регистрацията/редакция 04.03.2018
Статус, дата на статуса ф /
Служител, извършил регистрацията/редакцията Виолета_Тройчева
999 ## - СИСТЕМНИ КОНТРОЛНИ НОМЕРА
Koha biblioitemnumber 164501
Наличности
Код за отписване Код за изгубен артикул Източник на класификационната схема Код за повреда Коз за рестрикции Код за отдаване Артикулен № Име на библиотеката - собственик Име на библиотеката, в която се намира в момента Статус (Текущо местоположение) Дата на вписване в системата Местоположение - отдел Цена в лева Инвентарен номер Систематично азбучна сигнатура Баркод Номер на екземпляра Цена в евро Служебна бележка Служебен тип на артикула
  Не е изгубен Universal Decimal Classification Не е повреден без рестрикции заемане за дома 276564 Регионална библиотека "Любен Каравелов" Русе Регионална библиотека "Любен Каравелов" Русе Детски отдел 2015-02-25 Детски отдел 14.00 120000785863 ДХ 820/899/Д 77 120000785863 1 7.16 Дост: Pk Вид: Ф N: 426 Дата: 23.02.2015 Дата инв: 26.08.2015 Бележки инв: Д2015 Книги
  Не е изгубен   Не е повреден без рестрикции ползва се в читалня 276565 Регионална библиотека "Любен Каравелов" Русе Регионална библиотека "Любен Каравелов" Русе Хранилище 2015-12-09 Хранилище 14.00 120000795469 Цб ІІ 20379 120000795469 2 7.16 Дост: Dp Вид: Д N: 47 Дата: 02.11.2015 Книги
  Не е изгубен Universal Decimal Classification Не е повреден без рестрикции заемане за дома 799553 Регионална библиотека "Любен Каравелов" Русе Регионална библиотека "Любен Каравелов" Русе Детски отдел 2020-09-17 Детски отдел 13.50   821-93/Д 77 Д 120000846995   6.90   Книги
  Не е изгубен Universal Decimal Classification Не е повреден без рестрикции заемане за дома 799554 Регионална библиотека "Любен Каравелов" Русе Регионална библиотека "Любен Каравелов" Русе Детски отдел 2020-09-17 Детски отдел 13.50   821-93/Д 77 Д 120000846999   6.90   Книги
  Не е изгубен Universal Decimal Classification Не е повреден без рестрикции заемане за дома 799555 Регионална библиотека "Любен Каравелов" Русе Регионална библиотека "Любен Каравелов" Русе Детски отдел 2020-09-17 Детски отдел 13.50   821-93/Д 77 Д 120000846996   6.90   Книги
  Не е изгубен Universal Decimal Classification Не е повреден без рестрикции заемане за дома 799556 Регионална библиотека "Любен Каравелов" Русе Регионална библиотека "Любен Каравелов" Русе Детски отдел 2020-09-17 Детски отдел 13.50   821-93/Д 77 Д 120000846998   6.90   Книги
  Не е изгубен Universal Decimal Classification Не е повреден без рестрикции заемане за дома 799557 Регионална библиотека "Любен Каравелов" Русе Регионална библиотека "Любен Каравелов" Русе Детски отдел 2020-09-17 Детски отдел 13.50   821-93/Д 77 Д 120000846997   6.90   Книги
Vip Innovations Ltd, Rousse, Bulgaria 2025